LEADER 01093cam0-22003971i-450- 001 990003746140403321 005 20050927133510.0 035 $a000374614 035 $aFED01000374614 035 $a(Aleph)000374614FED01 035 $a000374614 100 $a20030910d1976----km-y0itay50------ba 101 0 $aita 102 $aIT 105 $ay-------001yy 200 1 $a<>rapporto uomo donna nella civiltą borghese$fUmberto Cerroni 205 $a2 ed. riveduta e corretta 210 $aRoma$cEditori Riuniti$dc1976 215 $a173 p.$d18 cm 225 1 $aArgomenti$v47 610 0 $aFamiglia$aRelazioni marito-moglie 676 $a306.872 676 $a305 676 $a15430 700 1$aCerroni,$bUmberto$033410 801 0$aIT$bUNINA$gRICA$2UNIMARC 901 $aBK 912 $a990003746140403321 952 $a306.872 CER 1$b644$fBFS 952 $aCOLLEZ. 173 (47)$b8529$fFSPBC 952 $a15430 CER$b7534 bis/I$fSES 959 $aBFS 959 $aFSPBC 959 $aSES 996 $aRapporto uomo donna nella civiltą borghese$9509562 997 $aUNINA LEADER 01022nam 2200373 450 001 9910326252303321 005 20221012112701.0 010 $a1-83962-123-0 010 $a1-78985-818-6 035 $a(CKB)4100000008408563 035 $a(NjHacI)994100000008408563 035 $a(EXLCZ)994100000008408563 100 $a20221012d2019 uy 0 101 0 $aeng 135 $aur||||||||||| 181 $ctxt$2rdacontent 182 $cc$2rdamedia 183 $acr$2rdacarrier 200 00$aHemophilia $eRecent Advances /$fPankaj Abrol, editor 210 1$a[Place of publication not identified] :$cInTech,$d[2019] 210 4$d©2019 215 $a1 online resource (86 pages) 311 $a1-78985-817-8 517 $aHemophilia 606 $aHemophilia$xManagement 615 0$aHemophilia$xManagement. 676 $a616.1572 702 $aAbrol$b Pankaj 801 0$bNjHacI 801 1$bNjHacl 906 $aBOOK 912 $a9910326252303321 996 $aHemophilia$92208742 997 $aUNINA LEADER 01601nas 2200493 a 450 001 996210884803316 005 20240413021238.0 011 $a1747-3918 035 $a(OCoLC)47744719 035 $a(CKB)954928562478 035 $a(CONSER) 2010250620 035 $a(DE-599)ZDB2104413-2 035 $a(EXLCZ)99954928562478 100 $a20010808b19711988 sy 101 0 $aeng 135 $aurmnu||||| 181 $ctxt$2rdacontent 182 $cc$2rdamedia 183 $acr$2rdacarrier 200 10$aJournal of Physics F: Metal Physics 210 $a[London] $cInstitute of Physics and the Physical Society 300 $aPublished by: Institute of Physics and Physical Society, Jan. 1971; Institute of Physics in association with the Institute of Metals and the Institution of Metallurgists, Mar. 1971- 311 $a0305-4608 517 $aJournal of physics. F, Metal physics 517 3 $aMetal physics 531 $aJ PHYS F 531 $aJ. PHYS. F: MET. PHYS 531 $aJOURNAL OF PHYSICS F 531 0 $aJ. phys. F. Met. phys. 606 $aMetals$vPeriodicals 606 $aNatuurkunde$2gtt 606 $aMetalen$2gtt 615 0$aMetals 615 17$aNatuurkunde. 615 17$aMetalen. 676 $a546/.3/05 712 02$aInstitute of Physics (Great Britain) 712 02$aInstitute of Physics and the Physical Society. 712 02$aInstitute of Metals. 712 02$aInstitution of Metallurgists (Great Britain) 906 $aJOURNAL 912 $a996210884803316 996 $aJournal of Physics F: Metal Physics$91985796 997 $aUNISA LEADER 02604oam 2200589I 450 001 9910956261003321 005 20251117071022.0 010 $a1-317-51646-X 010 $a1-315-71959-2 010 $a1-317-51645-1 024 7 $a10.4324/9781315719597 035 $a(CKB)3710000000585422 035 $a(SSID)ssj0001602316 035 $a(PQKBManifestationID)16310880 035 $a(PQKBTitleCode)TC0001602316 035 $a(PQKBWorkID)14821370 035 $a(PQKB)10682018 035 $a(MiAaPQ)EBC4387771 035 $a(OCoLC)958107529 035 $a(EXLCZ)993710000000585422 100 $a20180706d2016 uy 0 101 0 $aeng 135 $aurcnu|||||||| 181 $ctxt 182 $cc 183 $acr 200 00$aEuropean media policy for the twenty-first century $eassessing the past, setting agendas for the future /$fedited by Seamus Simpson, Manuel Puppis and Hilde Van den Bulck 205 $a1st ed. 210 1$aNew York ;$aLondon :$cRoutledge,$d2016. 215 $a1 online resource (278 pages) $cillustrations, tables 225 1 $aRoutledge Advances in Internationalizing Media Studies ;$v17 300 $aBibliographic Level Mode of Issuance: Monograph 311 08$a1-138-59806-2 311 08$a1-138-85650-9 320 $aIncludes bibliographical references at the end of each chapters and index. 327 $aSection 1. Understanding media policy in an environment of media convergence -- Section 2. The relevance of public regulatory intervention in media policy -- Section 3. Regulatory policy issues in advanced communication network environments -- Section 4. Lessons for European media policy from cases beyond the EU. 330 $aThis collection discusses the main conceptual and practical issues which have framed the academic analysis of communication and media policies in Europe over the course of at least the last decade, exploring the key issues that can set the agenda for the short to medium term in communication and media policy in Europe. 410 0$aRoutledge advances in internationalizing media studies ;$v17. 606 $aMass media policy$zEurope$xHistory$y21st century 615 0$aMass media policy$xHistory 676 $a302.23/094 676 $a302.23094 701 $aBulck$b Hilde van den$01870434 701 $aPuppis$b Manuel$f1977-$01164556 701 $aSimpson$b Seamus$0298176 801 0$bMiAaPQ 801 1$bMiAaPQ 801 2$bMiAaPQ 906 $aBOOK 912 $a9910956261003321 996 $aEuropean media policy for the twenty-first century$94478898 997 $aUNINA